La rosa de Paracelso

Shranjeno v:
Bibliografske podrobnosti
Glavni avtor: Borges, Jorge Luis (autor)
Format: Knjiga
Jezik:španščina
Izdano: Madrid Swan 1986
Izdaja:2a. ed
Serija:Colección el Compás de Oro, 11
Teme:
Oznake: Označite
Brez oznak, prvi označite!

MARC

LEADER 00000nam a2200000 a 4500
001 UCO5476
003 CL-VaPUC
008 000901e19860000SP |||||||||||||||||spa|d
082 0 4 |a Ar863  |b BOR  |2 21 
100 |a Borges, Jorge Luis  |e autor  |9 322093 
245 1 3 |a La rosa de Paracelso 
246 1 0 |a Tigres azules 
250 |a 2a. ed 
300 |a 72 p 
942 |c BK 
945 |d 20000901 00:00:00  |a crobeson 
260 |a Madrid  |b Swan  |c 1986 
650 7 |a CUENTOS ARGENTINOS  |2 CL-VaPUC  |9 450199 
650 0 |a Literatura argentina  |9 320596 
583 |a last modification  |c 20000901 00:00:00  |k Rodrigo Vera 
490 0 |a Colección el Compás de Oro, 11 
999 |c 291334  |d 291332 
952 |0 0  |1 0  |4 0  |6 AR_863_000000000000000_BOR_1986  |7 0  |8 A  |9 341156  |a BIBART  |b BIBART  |d 2019-11-20  |i 1220764  |o Ar863 BOR 1986  |p 1220764  |r 2025-03-13  |w 2019-11-20  |y BK  |k ART